[Event "SV Soest 1 - SG Turm Raesfeld/Erle 1"]
[Site "NRW-Klasse - Gruppe 2 2019/20"]
[Date "2020.02.02"]
[Round "6.2"]
[White "Breker, Roland"]
[Black "Pollok, Ralf"]
[Result "1-0"]
[WhiteElo "2023"]
[BlackElo "2035"]
[PlyCount "69"]
[EventDate "2020.??.??"]
[SourceVersionDate "2020.03.16"]
[WhiteTeam "SV Soest 1"]
[BlackTeam "SG Turm Raesfeld/Erle 1"]

1. d4 Nf6 2. Nc3 d5 3. Bf4 g6 4. e3 Bg7 5. h4 h5 6. Nf3 c6 7. Ne5 Qb6 8. Na4
Qa5+ 9. c3 Nfd7 10. b4 Qd8 11. Bd3 Nxe5 12. Bxe5 Bxe5 13. dxe5 Qc7 14. f4 Bg4
15. Qc2 e6 16. Nc5 Qe7 17. e4 O-O 18. Be2 b6 19. Nb3 Bxe2 20. Qxe2 f5 21. exd5
cxd5 22. Nd4 Rc8 23. Qd2 a5 24. Nb5 Rc6 25. O-O Nd7 26. g3 Nf8 27. a4 Rac8 28.
Rfc1 axb4 29. Nd6 R8c7 30. cxb4 Nd7 31. Rxc6 Rxc6 32. Rc1 Nb8 33. b5 Rc7 34. a5
Rc5 35. axb6 1-0

[Event "SV Soest 1 - SG Turm Raesfeld/Erle 1"]
[Site "NRW-Klasse - Gruppe 2 2019/20"]
[Date "2020.02.02"]
[Round "6.3"]
[White "Greifenberg, Daniel"]
[Black "Nolte, Klaus"]
[Result "1-0"]
[WhiteElo "2036"]
[BlackElo "1948"]
[PlyCount "105"]
[EventDate "2020.??.??"]
[SourceVersionDate "2020.03.16"]
[WhiteTeam "SG Turm Raesfeld/Erle 1"]
[BlackTeam "SV Soest 1"]

1. d4 e6 2. Nf3 f5 3. g3 Nf6 4. Bg2 Be7 5. c4 O-O 6. d5 Ne4 7. O-O Bf6 8. Nd4
Bxd4 9. Qxd4 c5 10. Qe3 Qe7 11. Bxe4 fxe4 12. Qxe4 e5 13. f4 d6 14. Qg2 exf4
15. Rxf4 Rxf4 16. gxf4 Nd7 17. Nc3 Nf6 18. b3 Bf5 19. Bb2 Qe3+ 20. Qf2 Qd2 21.
e3 Qxf2+ 22. Kxf2 Ng4+ 23. Ke2 Re8 24. Bc1 a6 25. h3 Nf6 26. h4 Kf7 27. Bd2 Re7
28. Rg1 Bg4+ 29. Ke1 h5 30. Nd1 Bf5 31. Ba5 Ng4 32. Kd2 Ke8 33. b4 cxb4 34.
Bxb4 Kd7 35. Re1 g6 36. Bc3 Nh2 37. Ke2 Ng4 38. Bd4 Re8 39. Nc3 Nh6 40. Kd2 Rc8
41. e4 Bg4 42. Kd3 Ng8 43. Rb1 Rc7 44. Bb6 Rc8 45. Ba5 Rb8 46. Rb6 Ne7 47. Na4
Bd1 48. Nc3 Bg4 49. c5 dxc5 50. Na4 c4+ 51. Kxc4 Be2+ 52. Kd4 Rc8 53. Nc5+ 1-0

[Event "SV Soest 1 - SG Turm Raesfeld/Erle 1"]
[Site "NRW-Klasse - Gruppe 2 2019/20"]
[Date "2020.02.02"]
[Round "6.4"]
[White "Gerard, Marcel"]
[Black "Gesing, Felix"]
[Result "1/2-1/2"]
[WhiteElo "1948"]
[BlackElo "1989"]
[PlyCount "62"]
[EventDate "2020.??.??"]
[SourceVersionDate "2020.03.16"]
[WhiteTeam "SV Soest 1"]
[BlackTeam "SG Turm Raesfeld/Erle 1"]

1. c4 g6 2. g3 Bg7 3. Bg2 Nf6 4. Nc3 c5 5. e4 d6 6. Nge2 Nc6 7. O-O O-O 8. d3
Rb8 9. h3 a6 10. a4 Nd4 11. f4 Ne8 12. Kh2 f5 13. exf5 Bxf5 14. Be3 Nc7 15.
Bxd4 cxd4 16. Nd5 Nxd5 17. Bxd5+ e6 18. Bg2 h5 19. Ng1 e5 20. Bd5+ Kh8 21. fxe5
dxe5 22. Qe2 Qd7 23. Be4 Rbe8 24. Bxf5 Rxf5 25. Rxf5 Qxf5 26. Rf1 Qd7 27. Qe4
Qc6 28. Re1 Rf8 29. Kg2 Rf6 30. Qxc6 Rxc6 31. b4 Kg8 1/2-1/2

[Event "SV Soest 1 - SG Turm Raesfeld/Erle 1"]
[Site "NRW-Klasse - Gruppe 2 2019/20"]
[Date "2020.02.02"]
[Round "6.5"]
[White "Borutta, Niklas"]
[Black "Seibt, Matthias"]
[Result "0-1"]
[WhiteElo "2020"]
[BlackElo "2055"]
[PlyCount "106"]
[EventDate "2020.??.??"]
[SourceVersionDate "2020.03.16"]
[WhiteTeam "SG Turm Raesfeld/Erle 1"]
[BlackTeam "SV Soest 1"]

1. d4 Nf6 2. Nf3 g6 3. c4 Bg7 4. g3 O-O 5. Bg2 d6 6. Nc3 Nc6 7. d5 Na5 8. Nd2
c5 9. O-O a6 10. Qc2 Rb8 11. b3 b5 12. Bb2 bxc4 13. bxc4 Bh6 14. f4 Ng4 15. Nd1
e5 16. dxe6 Bxe6 17. h3 Rxb2 18. Qxb2 Bg7 19. Nc3 Bd4+ 20. Kh1 Ne3 21. Rf3 Bxc4
22. Nxc4 Naxc4 23. Qc1 Qa5 24. Rb1 Qxc3 25. Qxc3 Bxc3 26. Rb7 Re8 27. Rf2 Be1
28. Bc6 Re6 29. Rf3 d5 30. Bd7 Re7 31. g4 Nd2 32. f5 gxf5 33. gxf5 Rxd7 34.
Rb8+ Kg7 35. f6+ Kh6 36. Rxe3 Rd6 37. Re5 Kg6 38. Rh8 c4 39. Rc8 Kxf6 40. Ree8
d4 41. Rc5 Re6 42. Ra8 c3 43. Ra7 Rxe2 44. Rxa6+ Kg7 45. Rg5+ Kf8 46. Ra8+ Ke7
47. Rf5 Ke6 48. Rf4 c2 49. Re8+ Kd5 50. Rxe2 c1=Q 51. Kg2 Nc4 52. Rxf7 d3 53.
Rf5+ Kd4 0-1

[Event "SV Soest 1 - SG Turm Raesfeld/Erle 1"]
[Site "NRW-Klasse - Gruppe 2 2019/20"]
[Date "2020.02.02"]
[Round "6.6"]
[White "Luimes, Werner"]
[Black "Broemmel, Rudolf"]
[Result "1-0"]
[WhiteElo "1847"]
[BlackElo "1940"]
[PlyCount "59"]
[EventDate "2020.??.??"]
[SourceVersionDate "2020.03.16"]
[WhiteTeam "SV Soest 1"]
[BlackTeam "SG Turm Raesfeld/Erle 1"]

1. d4 Nc6 2. Nf3 d5 3. c4 e6 4. Nc3 Nge7 5. Bf4 a6 6. e3 g6 7. h4 h6 8. b3 Bg7
9. Rc1 b6 10. Bd3 Bb7 11. cxd5 exd5 12. Qe2 f5 13. Na4 Rf8 14. Ne5 Nxe5 15.
Bxe5 Bxe5 16. dxe5 Nc6 17. f4 h5 18. g4 hxg4 19. h5 g5 20. h6 gxf4 21. h7 Rh8
22. Qh2 Nxe5 23. Qh5+ Nf7 24. exf4 Qe7+ 25. Kd2 Qb4+ 26. Kc2 Kf8 27. Kb1 c5 28.
Bxf5 Re8 29. Bg6 Qd2 30. Rcd1 1-0

[Event "SV Soest 1 - SG Turm Raesfeld/Erle 1"]
[Site "NRW-Klasse - Gruppe 2 2019/20"]
[Date "2020.02.02"]
[Round "6.7"]
[White "Bergemann, Martin"]
[Black "Schwarzkopp, Franz"]
[Result "1-0"]
[WhiteElo "1920"]
[BlackElo "1793"]
[PlyCount "59"]
[EventDate "2020.??.??"]
[SourceVersionDate "2020.03.16"]
[WhiteTeam "SG Turm Raesfeld/Erle 1"]
[BlackTeam "SV Soest 1"]

1. d4 Nf6 2. Bg5 Ne4 3. Bh4 d5 4. f3 Nd6 5. Nc3 c6 6. e4 dxe4 7. fxe4 Qb6 8.
Rb1 g6 9. Nf3 Bg7 10. Be2 c5 11. Bf2 cxd4 12. Nxd4 Qd8 13. O-O O-O 14. Qd2 Bd7
15. Rbd1 Qc8 16. Qg5 Bf6 17. Qg3 Bg7 18. Nd5 Re8 19. e5 Ne4 20. Qf4 e6 21. Ne3
Nxf2 22. Rxf2 Rf8 23. Ng4 a6 24. Nf6+ Kh8 25. Qh4 h6 26. Rd3 Bb5 27. Rh3 Bxe2
28. Qxh6+ Bxh6 29. Rxh6+ Kg7 30. Rh7# 1-0

[Event "SV Soest 1 - SG Turm Raesfeld/Erle 1"]
[Site "NRW-Klasse - Gruppe 2 2019/20"]
[Date "2020.02.02"]
[Round "6.8"]
[White "Greving, Hermann"]
[Black "Aschenbrenner, Guenter"]
[Result "1-0"]
[WhiteElo "1789"]
[BlackElo "1503"]
[PlyCount "75"]
[EventDate "2020.??.??"]
[SourceVersionDate "2020.03.16"]
[WhiteTeam "SV Soest 1"]
[BlackTeam "SG Turm Raesfeld/Erle 1"]

1. d4 Nf6 2. c4 g6 3. Nc3 Bg7 4. e4 d6 5. f3 O-O 6. Be3 e5 7. Nge2 Nc6 8. d5
Ne7 9. g4 c6 10. Ng3 Kh8 11. h4 h5 12. gxh5 Nh7 13. Qd2 f5 14. hxg6 f4 15. gxh7
fxg3 16. Qg2 Ng6 17. Bg5 Qb6 18. O-O-O Qf2 19. Qxf2 gxf2 20. dxc6 Rxf3 21. Be2
Rg3 22. Rxd6 Rg1+ 23. Rd1 Be6 24. Rhxg1 fxg1=Q 25. Rxg1 Nf4 26. c7 Rc8 27. Bd8
Kxh7 28. Bg4 Nd3+ 29. Kb1 Nc5 30. Nd5 Bxg4 31. Rxg4 Ne6 32. Ne7 Rxd8 33. cxd8=Q
Nxd8 34. h5 Ne6 35. Kc2 Nf4 36. Nf5 Nxh5 37. Rh4 Kg6 38. Rxh5 1-0

[Event "SF Essen-Werden 1 - SV Wattenscheid 2"]
[Site "NRW-Klasse - Gruppe 2 2019/20"]
[Date "2020.02.02"]
[Round "6.1"]
[White "Schroeder, Wilfried"]
[Black "Kaufeld, Juergen"]
[Result "0-1"]
[WhiteElo "2190"]
[BlackElo "2213"]
[PlyCount "42"]
[EventDate "2020.??.??"]
[SourceVersionDate "2020.03.16"]
[WhiteTeam "SV Wattenscheid 2"]
[BlackTeam "SF Essen-Werden 1"]

1. c4 Nf6 2. Nc3 e6 3. d4 d5 4. Bf4 Nh5 5. Bg3 dxc4 6. e3 Nxg3 7. hxg3 c5 8.
dxc5 Qa5 9. Bxc4 Nc6 10. Nf3 Bxc5 11. O-O O-O 12. a3 Be7 13. b4 Qh5 14. Be2 Qh6
15. b5 Bf6 16. Rc1 Ne5 17. Nxe5 Bxe5 18. Bf3 f5 19. Qa4 g5 20. b6 g4 21. Bd1
Bxg3 0-1

[Event "SF Essen-Werden 1 - SV Wattenscheid 2"]
[Site "NRW-Klasse - Gruppe 2 2019/20"]
[Date "2020.02.02"]
[Round "6.2"]
[White "Kauch, Markus"]
[Black "Schlehoefer, Ralf"]
[Result "1/2-1/2"]
[WhiteElo "2175"]
[BlackElo "2155"]
[PlyCount "72"]
[EventDate "2020.??.??"]
[SourceVersionDate "2020.03.16"]
[WhiteTeam "SF Essen-Werden 1"]
[BlackTeam "SV Wattenscheid 2"]

1. Nf3 Nf6 2. c4 g6 3. b4 Bg7 4. Bb2 d5 5. cxd5 O-O 6. e3 Nxd5 7. Bxg7 Kxg7 8.
Qb3 Qd6 9. Qb2+ f6 10. a3 Nd7 11. Nc3 Nxc3 12. Qxc3 c5 13. d4 b6 14. bxc5 bxc5
15. Be2 Bb7 16. O-O Rfc8 17. Rfd1 cxd4 18. Qxd4 Qxd4 19. Nxd4 Nc5 20. Rac1 Na4
21. Ne6+ Kh6 22. Nc7 Rab8 23. Rd7 Nb6 24. Rxe7 Nd5 25. Rd7 Nxc7 26. Rcxc7 Rxc7
27. Rxc7 Bd5 28. f3 Rb2 29. Kf2 Ra2 30. Rc3 a5 31. e4 Bg8 32. Kf1 a4 33. Bd1
Bb3 34. Bxb3 Rxa3 35. Rc4 axb3 36. Rb4 Ra1+ 1/2-1/2

[Event "SF Essen-Werden 1 - SV Wattenscheid 2"]
[Site "NRW-Klasse - Gruppe 2 2019/20"]
[Date "2020.02.02"]
[Round "6.3"]
[White "Lang, Daniel"]
[Black "Roth, Markus"]
[Result "1-0"]
[WhiteElo "2069"]
[BlackElo "2183"]
[PlyCount "73"]
[EventDate "2020.??.??"]
[SourceVersionDate "2020.03.16"]
[WhiteTeam "SV Wattenscheid 2"]
[BlackTeam "SF Essen-Werden 1"]

1. d4 e6 2. c4 Bb4+ 3. Nc3 b6 4. e3 Bb7 5. Nge2 d5 6. Qa4+ Nc6 7. a3 Be7 8.
cxd5 exd5 9. Nf4 Nf6 10. Ba6 Bxa6 11. Qxc6+ Nd7 12. Nfxd5 O-O 13. Qxc7 Qe8 14.
Nb4 Bd8 15. Qc6 Rc8 16. Qe4 Bc4 17. Qxe8 Rxe8 18. f3 Bh4+ 19. g3 Bf6 20. Kf2 a5
21. Nc2 b5 22. Bd2 Bb3 23. Ne1 b4 24. axb4 axb4 25. Ne4 Be7 26. Ra7 Nb6 27. Nd3
Rc2 28. Rc1 f5 29. Rxc2 Bxc2 30. Nec5 b3 31. Rb7 Nc4 32. Bc1 g5 33. Ne1 Bxc5
34. Nxc2 bxc2 35. Rc7 Nxe3 36. Rxc5 Nd1+ 37. Kf1 1-0

[Event "SF Essen-Werden 1 - SV Wattenscheid 2"]
[Site "NRW-Klasse - Gruppe 2 2019/20"]
[Date "2020.02.02"]
[Round "6.4"]
[White "Berger, Konstantin"]
[Black "Gohla, Ulf"]
[Result "1/2-1/2"]
[WhiteElo "2094"]
[BlackElo "2185"]
[PlyCount "53"]
[EventDate "2020.??.??"]
[SourceVersionDate "2020.03.16"]
[WhiteTeam "SF Essen-Werden 1"]
[BlackTeam "SV Wattenscheid 2"]

1. e4 e5 2. Nf3 Nc6 3. Bb5 a6 4. Ba4 d6 5. d4 b5 6. Bb3 Nxd4 7. Nxd4 exd4 8.
Bd5 Rb8 9. Bc6+ Bd7 10. Bxd7+ Qxd7 11. Qxd4 c5 12. Qd3 Nf6 13. O-O Be7 14. Nc3
O-O 15. Bf4 c4 16. Qf3 b4 17. Ne2 Rbc8 18. Rfd1 Rfd8 19. Ng3 Qe6 20. a3 bxa3
21. Rxa3 d5 22. exd5 Nxd5 23. Raa1 Nxf4 24. Rxd8+ Rxd8 25. Qxf4 Bf6 26. c3 Qb6
27. Qxc4 1/2-1/2

[Event "SF Essen-Werden 1 - SV Wattenscheid 2"]
[Site "NRW-Klasse - Gruppe 2 2019/20"]
[Date "2020.02.02"]
[Round "6.5"]
[White "Peter, Thomas"]
[Black "ter Steeg, Marcus"]
[Result "1-0"]
[WhiteElo "2083"]
[BlackElo "2023"]
[PlyCount "63"]
[EventDate "2020.??.??"]
[SourceVersionDate "2020.03.16"]
[WhiteTeam "SV Wattenscheid 2"]
[BlackTeam "SF Essen-Werden 1"]

1. e4 e5 2. Nf3 Nc6 3. Bb5 Nge7 4. O-O g6 5. d4 exd4 6. Nxd4 Bg7 7. c3 O-O 8.
Bg5 h6 9. Bh4 Nxd4 10. cxd4 g5 11. Bg3 f5 12. Be5 fxe4 13. Bxg7 Kxg7 14. d5 Nf5
15. Nc3 Re8 16. Qh5 c6 17. f4 cxb5 18. fxg5 Qb6+ 19. Kh1 Re5 20. Rxf5 Rxf5 21.
gxh6+ Qxh6 22. Qxf5 Qg6 23. Qf2 d6 24. Rf1 Bd7 25. Qd4+ Kg8 26. Nxe4 Bf5 27.
Nf6+ Kf7 28. Ng4 Ke7 29. Qe3+ Kd7 30. Nh6 Rf8 31. Nxf5 Rxf5 32. Qh3 1-0

[Event "SF Essen-Werden 1 - SV Wattenscheid 2"]
[Site "NRW-Klasse - Gruppe 2 2019/20"]
[Date "2020.02.02"]
[Round "6.6"]
[White "Claussen, Uwe"]
[Black "Schlange, Stefan"]
[Result "0-1"]
[WhiteElo "2024"]
[BlackElo "2116"]
[Annotator "Daniel"]
[PlyCount "140"]
[EventDate "2020.??.??"]
[SourceVersionDate "2020.03.16"]
[WhiteTeam "SF Essen-Werden 1"]
[BlackTeam "SV Wattenscheid 2"]

1. e4 e5 2. Nf3 Nc6 3. Bb5 f5 4. Bxc6 dxc6 5. Nc3 Bd6 6. d4 fxe4 7. Nxe4 exd4
8. Qxd4 Nf6 9. Bg5 Be7 10. Nxf6+ gxf6 11. Qxd8+ Bxd8 12. Bh6 Bg4 13. Nd2 Be7
14. f3 Bf5 15. O-O-O Kf7 16. Rhe1 Rad8 17. Nf1 $11 Rxd1+ 18. Rxd1 Bd6 19. Re1
Be6 20. Kb1 Re8 21. Bd2 h5 22. g3 h4 23. f4 Rh8 24. Ne3 hxg3 25. hxg3 Rh2 26.
Bc3 Rh3 27. f5 Bd5 28. Nxd5 cxd5 29. a3 Rxg3 30. Rd1 c6 31. Rh1 Be5 32. Bd2 Rg2
33. Bb4 b6 34. Rh7+ Rg7 35. Rh8 c5 36. Bd2 Ke7 37. Bh6 Rf7 38. Ra8 Kd6 39. b4
Kc6 40. Ka2 Bd6 41. bxc5 bxc5 42. Rc8+ Rc7 43. Re8 Rh7 44. Bc1 Re7 45. Rc8+ Kb7
46. Rd8 Kc7 47. Ra8 Kc6 48. Rc8+ Rc7 49. Re8 Be5 50. Re6+ Kb5 51. Bd2 Kc4 52.
Bg5 Rf7 53. Bh4 Kc3 54. Kb1 Kd2 55. a4 c4 56. a5 Rh7 57. Bg5+ fxg5 58. Rxe5
Rb7+ 59. Ka2 d4 60. f6 Rf7 61. Rxg5 Kxc2 62. Rg2+ Kc3 63. Rf2 a6 64. Kb1 Kb3
65. Rf4 d3 66. Kc1 c3 67. Kd1 d2 68. Rf3 Kc4 69. Rf1 Rd7 70. Ke2 c2 0-1

[Event "SF Essen-Werden 1 - SV Wattenscheid 2"]
[Site "NRW-Klasse - Gruppe 2 2019/20"]
[Date "2020.02.02"]
[Round "6.7"]
[White "Schmedders, Hans-Gerd"]
[Black "Huette, Stefan"]
[Result "0-1"]
[WhiteElo "2106"]
[BlackElo "1994"]
[PlyCount "79"]
[EventDate "2020.??.??"]
[SourceVersionDate "2020.03.16"]
[WhiteTeam "SV Wattenscheid 2"]
[BlackTeam "SF Essen-Werden 1"]

1. d4 Nf6 2. Nf3 e6 3. g3 d5 4. Bg2 Be7 5. O-O O-O 6. c4 c6 7. Qc2 Ne4 8. Nc3
Nxc3 9. bxc3 Nd7 10. e4 Nb6 11. c5 Nc4 12. Re1 b6 13. Qa4 bxc5 14. Qxc6 Bd7 15.
Qa6 Qe8 16. Rb1 Bc8 17. Qb5 Qxb5 18. Rxb5 Ba6 19. Rb3 dxe4 20. Rxe4 cxd4 21.
Nxd4 Na5 22. Rb2 Rac8 23. Nb5 Nc4 24. Rb1 Bxb5 25. Rxb5 Nd6 26. Ra5 Nxe4 27.
Bxe4 Rxc3 28. Be3 Ra3 29. Rxa3 Bxa3 30. Bxa7 Rd8 31. Bc2 Rc8 32. Bb3 Bc5 33.
Bxc5 Rxc5 34. Kf1 Kf8 35. Ke2 Ke7 36. Kd3 Kd6 37. f4 f6 38. a4 e5 39. Bc4 exf4
40. gxf4 0-1

[Event "SF Essen-Werden 1 - SV Wattenscheid 2"]
[Site "NRW-Klasse - Gruppe 2 2019/20"]
[Date "2020.02.02"]
[Round "6.8"]
[White "Blank, Stephan"]
[Black "Schwebel, Markus"]
[Result "0-1"]
[WhiteElo "1814"]
[BlackElo "1958"]
[PlyCount "134"]
[EventDate "2020.??.??"]
[SourceVersionDate "2020.03.16"]
[WhiteTeam "SF Essen-Werden 1"]
[BlackTeam "SV Wattenscheid 2"]

1. e4 e5 2. Nc3 Nf6 3. Bc4 Nxe4 4. Qh5 Nd6 5. Qxe5+ Be7 6. Bb3 O-O 7. Nge2 Nc6
8. Qh5 a5 9. a4 b6 10. O-O g6 11. Qf3 Bf6 12. Nd5 Bg7 13. c3 Ne5 14. Qg3 Ba6
15. Bd1 c5 16. d4 Nf5 17. Qh3 cxd4 18. cxd4 Nd3 19. Qg4 h5 20. Qh3 Nxd4 21. Be3
Ne6 22. Bxb6 Qg5 23. Qf3 Ne5 24. Qe3 Qxe3 25. fxe3 Rab8 26. Bxa5 Rxb2 27. Bc3
Rxe2 28. Bxe2 Bxe2 29. Rf2 Bc4 30. Nf6+ Bxf6 31. Rxf6 Ng4 32. Rf3 Ng5 33. Rf4
Bd5 34. Bd4 Ne6 35. Rff1 Nxd4 36. exd4 Ne3 37. Rf2 Nf5 38. Rd2 Ra8 39. a5 Ra6
40. Kf2 Kf8 41. g3 Ke7 42. Ke2 Bc4+ 43. Kf3 Kd6 44. Ke4 Ne7 45. Rb2 Kc7 46. Rb6
Rxb6 47. axb6+ Kxb6 48. Ke5 Nc6+ 49. Kd6 Nxd4 50. Kxd7 Kc5 51. Ke7 Nf3 52. h4
Kd4 53. Kf6 Nd2 54. Kg5 Ke4 55. Ra3 Be6 56. Kf6 Kd4 57. Kg5 Ke4 58. Kf6 Nc4 59.
Rc3 Ne3 60. Kg5 Kf3 61. Ra3 Kf2 62. Kf4 Nd5+ 63. Ke5 Kg2 64. Rd3 Kh3 65. Ra3
Kg4 66. Rd3 Ne7 67. Ra3 Nf5 0-1

[Event "Gütersloher SV 1 - SK Holsterhausen 1"]
[Site "NRW-Klasse - Gruppe 2 2019/20"]
[Date "2020.02.02"]
[Round "6.2"]
[White "Janyska, Dennis"]
[Black "Walbaum, Klaus"]
[Result "1/2-1/2"]
[WhiteElo "2050"]
[BlackElo "2119"]
[PlyCount "43"]
[EventDate "2020.??.??"]
[SourceVersionDate "2020.03.16"]
[WhiteTeam "Gütersloher SV 1"]
[BlackTeam "SK Holsterhausen 1"]

1. e4 c5 2. Nc3 g6 3. f4 Bg7 4. Nf3 e6 5. e5 d5 6. d4 cxd4 7. Nb5 Bf8 8. Nbxd4
Ne7 9. Be3 a6 10. Bd3 Nbc6 11. O-O Nxd4 12. Nxd4 Nc6 13. c3 Bd7 14. Kh1 Be7 15.
Qe1 Nxd4 16. Bxd4 Bb5 17. Bxb5+ axb5 18. a3 h5 19. Qe2 Qa5 20. Rad1 Qa6 21. Rf3
Qc6 22. Rh3 1/2-1/2

[Event "Gütersloher SV 1 - SK Holsterhausen 1"]
[Site "NRW-Klasse - Gruppe 2 2019/20"]
[Date "2020.02.02"]
[Round "6.3"]
[White "Schwalen, Peter"]
[Black "Kretschmann, Michael"]
[Result "0-1"]
[WhiteElo "2017"]
[BlackElo "2079"]
[PlyCount "98"]
[EventDate "2020.??.??"]
[SourceVersionDate "2020.03.16"]
[WhiteTeam "SK Holsterhausen 1"]
[BlackTeam "Gütersloher SV 1"]

1. e4 d6 2. d4 g6 3. Be3 Bg7 4. Qd2 Nf6 5. f3 c6 6. c4 O-O 7. Nc3 e5 8. d5 cxd5
9. cxd5 a6 10. Bd3 Nh5 11. Nge2 f5 12. Bc2 Nf6 13. h3 fxe4 14. fxe4 b5 15. O-O
Nbd7 16. Rac1 Nb6 17. b3 b4 18. Nd1 a5 19. Nf2 Ba6 20. Bd3 Bxd3 21. Qxd3 Nbd7
22. Rc6 Qe7 23. Rfc1 Nh5 24. Rc7 Rf7 25. Qb5 Nf4 26. Rc8+ Rxc8 27. Rxc8+ Nf8
28. Kh2 h5 29. g3 Bh6 30. Nd1 h4 31. g4 Qf6 32. Ng1 Bg5 33. Bb6 Nh5 34. Qd3
Qf4+ 35. Kg2 Ng3 36. Nf2 Kh7 37. Nf3 Nd7 38. Nxg5+ Qxg5 39. Qe3 Qf6 40. g5 Qf4
41. Ba7 Kg7 42. Qxf4 Rxf4 43. Be3 Rf7 44. Rc6 Nc5 45. Bxc5 dxc5 46. Rxc5 Rxf2+
47. Kg1 Rd2 48. Rxa5 Nxe4 49. Ra7+ Kf8 0-1

[Event "Gütersloher SV 1 - SK Holsterhausen 1"]
[Site "NRW-Klasse - Gruppe 2 2019/20"]
[Date "2020.02.02"]
[Round "6.4"]
[White "Grochtmann, Stephan"]
[Black "Kortenbusch, Christoph"]
[Result "0-1"]
[WhiteElo "2038"]
[BlackElo "2055"]
[PlyCount "34"]
[EventDate "2020.??.??"]
[SourceVersionDate "2020.03.16"]
[WhiteTeam "Gütersloher SV 1"]
[BlackTeam "SK Holsterhausen 1"]

1. Nc3 c5 2. Nf3 g6 3. d4 cxd4 4. Nxd4 Bg7 5. e4 Nc6 6. Be3 Nf6 7. Bc4 O-O 8.
O-O Nxe4 9. Bxf7+ Kxf7 10. Nxe4 d5 11. Ng5+ Kg8 12. Nge6 Bxe6 13. Nxe6 Qd6 14.
Nxf8 Rxf8 15. Qd2 Rf5 16. Rad1 d4 17. Qe2 Qe6 0-1

[Event "Gütersloher SV 1 - SK Holsterhausen 1"]
[Site "NRW-Klasse - Gruppe 2 2019/20"]
[Date "2020.02.02"]
[Round "6.5"]
[White "Bobzin, Pierre"]
[Black "Wulfhorst, Noah"]
[Result "1-0"]
[WhiteElo "2056"]
[BlackElo "1973"]
[PlyCount "81"]
[EventDate "2020.??.??"]
[SourceVersionDate "2020.03.16"]
[WhiteTeam "SK Holsterhausen 1"]
[BlackTeam "Gütersloher SV 1"]

1. Nf3 c5 2. g3 g6 3. Bg2 Bg7 4. O-O Nc6 5. d3 e6 6. Nbd2 Nge7 7. e4 O-O 8. Re1
d6 9. c3 Rb8 10. a4 a6 11. Nc4 b5 12. axb5 axb5 13. Ne3 Qb6 14. h4 d5 15. e5 d4
16. cxd4 cxd4 17. Ng4 Nd5 18. Bg5 f6 19. exf6 Nxf6 20. Nxf6+ Bxf6 21. Bxf6 Rxf6
22. Ng5 Ne7 23. Qe2 Bd7 24. Bh3 Nf5 25. h5 Rbf8 26. Ne4 R6f7 27. hxg6 hxg6 28.
Ng5 Rf6 29. Bg2 Ng7 30. Ra8 Rxa8 31. Bxa8 Bc6 32. Bxc6 Qxc6 33. Qg4 Rf5 34.
Qxd4 Qc2 35. Ne4 Ne8 36. Kg2 Rd5 37. Nf6+ Nxf6 38. Qxf6 Qxd3 39. Qxe6+ Kg7 40.
Qe7+ Kh6 41. Qf8+ 1-0

[Event "Gütersloher SV 1 - SK Holsterhausen 1"]
[Site "NRW-Klasse - Gruppe 2 2019/20"]
[Date "2020.02.02"]
[Round "6.6"]
[White "Neumann, Theodor"]
[Black "Lindenmaier, Reinhard"]
[Result "1/2-1/2"]
[WhiteElo "1964"]
[BlackElo "1985"]
[PlyCount "28"]
[EventDate "2020.??.??"]
[SourceVersionDate "2020.03.16"]
[WhiteTeam "Gütersloher SV 1"]
[BlackTeam "SK Holsterhausen 1"]

1. e4 Nf6 2. e5 Nd5 3. d4 d6 4. c4 Nb6 5. f4 dxe5 6. fxe5 Nc6 7. Be3 Bf5 8. a3
e6 9. Nf3 Be7 10. Nc3 f6 11. Be2 O-O 12. O-O fxe5 13. d5 exd5 14. cxd5 Nd4
1/2-1/2

[Event "Gütersloher SV 1 - SK Holsterhausen 1"]
[Site "NRW-Klasse - Gruppe 2 2019/20"]
[Date "2020.02.02"]
[Round "6.7"]
[White "Sicars, Thorsten"]
[Black "Hanhoerster, Stephan"]
[Result "1-0"]
[WhiteElo "1988"]
[BlackElo "2014"]
[PlyCount "41"]
[EventDate "2020.??.??"]
[SourceVersionDate "2020.03.16"]
[WhiteTeam "SK Holsterhausen 1"]
[BlackTeam "Gütersloher SV 1"]

1. d4 d5 2. Bf4 Nf6 3. e3 e6 4. Nf3 Bd6 5. Bg3 O-O 6. Nbd2 b6 7. Bd3 Bb7 8. Qe2
c5 9. c3 Ne4 10. Rd1 cxd4 11. exd4 Nxg3 12. hxg3 h6 13. g4 Be7 14. Rh5 Nc6 15.
a3 Rc8 16. Qf1 Na5 17. Qh1 Nc4 18. Rxh6 gxh6 19. Qxh6 f5 20. Qg6+ Kh8 21. Ke2
1-0

[Event "Gütersloher SV 1 - SK Holsterhausen 1"]
[Site "NRW-Klasse - Gruppe 2 2019/20"]
[Date "2020.02.02"]
[Round "6.8"]
[White "Asani, Baskim"]
[Black "Warmbier, Robert"]
[Result "1-0"]
[WhiteElo "1936"]
[BlackElo "1886"]
[PlyCount "117"]
[EventDate "2020.??.??"]
[SourceVersionDate "2020.03.16"]
[WhiteTeam "Gütersloher SV 1"]
[BlackTeam "SK Holsterhausen 1"]

1. d4 Nf6 2. Nf3 e6 3. Bf4 c5 4. e3 Qb6 5. Qc1 Nd5 6. Bg3 Nc6 7. c3 Nf6 8. Nbd2
d5 9. Bd3 Be7 10. O-O h6 11. a4 O-O 12. a5 Qd8 13. dxc5 Bxc5 14. Rd1 Bd6 15.
Bxd6 Qxd6 16. b4 e5 17. b5 Ne7 18. Nc4 Qc5 19. Ncxe5 Bf5 20. Qb2 Ne4 21. Nd4
Qxc3 22. Qxc3 Nxc3 23. Nxf5 Nxf5 24. Bxf5 Nxd1 25. Rxd1 Rfe8 26. Nf3 Rad8 27.
Nd4 g6 28. Bg4 Re7 29. Rc1 Kg7 30. g3 Kf6 31. a6 Rd6 32. axb7 Rxb7 33. Be2 Ke7
34. Ra1 Rdd7 35. Ra6 Rdc7 36. Bf3 Rc5 37. h4 h5 38. Kg2 Kd7 39. Rf6 Ke8 40. Rd6
Rd7 41. Ra6 Rcc7 42. Nc6 Rb7 43. Ra5 Rd6 44. Nxa7 Kd7 45. Nc6 Kc7 46. Nd4 Kb6
47. Ra6+ Kc7 48. Rc6+ Kd7 49. Rc5 Rc7 50. Rxd5 Rxd5 51. Bxd5 Kc8 52. b6 Rd7 53.
b7+ Kb8 54. e4 Rc7 55. Kf3 f6 56. Kf4 Rc5 57. f3 f5 58. Ne6 Rb5 59. Nf8 1-0

[Event "Südlohner SV 1 - SF Essen-Katernberg  "]
[Site "NRW-Klasse - Gruppe 2 2019/20"]
[Date "2020.02.02"]
[Round "6.1"]
[White "Gassmann, Volker"]
[Black "Michalczak, Thomas"]
[Result "1-0"]
[WhiteElo "2229"]
[BlackElo "2231"]
[PlyCount "135"]
[EventDate "2020.??.??"]
[SourceVersionDate "2020.03.16"]
[WhiteTeam "SF Essen-Katernberg  2"]
[BlackTeam "Südlohner SV 1"]

1. d4 Nf6 2. c4 g6 3. Nc3 Bg7 4. e4 d6 5. f3 O-O 6. Be3 a6 7. Qd2 Nbd7 8. Rd1
c6 9. Nh3 b5 10. Nf2 Nb6 11. c5 dxc5 12. dxc5 Qxd2+ 13. Rxd2 Nc4 14. Bxc4 bxc4
15. O-O Be6 16. Na4 Rfd8 17. Rfd1 Rxd2 18. Rxd2 Nd7 19. Nb6 Nxb6 20. cxb6 c3
21. bxc3 Bxc3 22. Rc2 Bb4 23. Nd3 Ba5 24. Rxc6 Rb8 25. Ne5 Rb7 26. a3 Kf8 27.
Kf2 Ke8 28. g3 Bd7 29. Nc4 Bxc6 30. Nxa5 Kd7 31. Nxb7 Bxb7 32. Bf4 Kc6 33. Bc7
h5 34. Ke3 e5 35. h4 Bc8 36. Bxe5 Kxb6 37. Kf4 f5 38. Kg5 fxe4 39. fxe4 Kc6 40.
Kxg6 Bg4 41. Bb2 Kd7 42. Kf6 Bh3 43. Ke5 Bg4 44. Kd5 Bh3 45. Be5 Bg4 46. Bf4
Bh3 47. Kc5 Bg4 48. Kb6 Be2 49. a4 Ke6 50. a5 Bd3 51. g4 Bxe4 52. Kxa6 hxg4 53.
Kb6 Kd7 54. a6 Kd8 55. a7 Kd7 56. Bg3 Kd8 57. Be5 Kd7 58. h5 Ke6 59. h6 Kxe5
60. h7 Bxh7 61. a8=Q Be4 62. Qb8+ Kf5 63. Kc5 Bf3 64. Kd4 Kg5 65. Qe5+ Kh4 66.
Qh2+ Kg5 67. Ke3 Kf5 68. Kf2 1-0